[Event "Fete du travail"]
[Site "Montreal CAN"]
[Date "2007.09.02"]
[Round "3"]
[White "Benoit, Sebastien"]
[Black "Carrier, Claude"]
[Result "0-1"]
[WhiteElo "1880"]
[BlackElo "1928"]
[PlyCount "48"]
[GameId "2160767910579603"]
[EventDate "2007.09.01"]
[EventType "swiss"]
[EventRounds "5"]
[EventCountry "CAN"]
[SourceTitle "EXT 2022"]
[Source "ChessBase"]
[SourceDate "2021.10.06"]
[SourceVersion "1"]
[SourceVersionDate "2021.10.06"]
[SourceQuality "1"]

1. e4 c5 2. Nf3 e6 3. d4 cxd4 4. Nxd4 Nf6 5. Nc3 d6 6. f3 a6 7. Be3 b5 8. g4 Bb7 9. Qd2 Qc7 10. g5 Nfd7 11. h4 b4 12. Nce2 d5 13. exd5 Bxd5 14. Nf4 Nb6 15. Bd3 N8d7 16. Nxd5 Nxd5 17. O-O-O Ne5 18. Qe2 Bc5 19. Nxe6 Bxe3+ 20. Qxe3 fxe6 21. Qe4 Nxd3+ 22. Rxd3 Qf4+ 23. Qxf4 Nxf4 24. Rd6 Ke7 0-1

[Event "Fete du travail"]
[Site "Montreal CAN"]
[Date "2007.09.02"]
[Round "3"]
[White "Chesnut, Walter"]
[Black "Lefebvre, Gabriel"]
[Result "1-0"]
[WhiteElo "1484"]
[BlackElo "1490"]
[PlyCount "99"]
[GameId "2160767910579604"]
[EventDate "2007.09.01"]
[EventType "swiss"]
[EventRounds "5"]
[EventCountry "CAN"]
[SourceTitle "EXT 2022"]
[Source "ChessBase"]
[SourceDate "2021.10.06"]
[SourceVersion "1"]
[SourceVersionDate "2021.10.06"]
[SourceQuality "1"]

1. d4 Nf6 2. c4 e6 3. Nf3 b6 4. g3 Bb7 5. Bg2 Bb4+ 6. Bd2 Bxd2+ 7. Qxd2 Ne4 8. Qc2 f5 9. Nc3 O-O 10. O-O Nxc3 11. Qxc3 d6 12. c5 bxc5 13. dxc5 d5 14. Nd4 Qf6 15. Qe3 Re8 16. Nb5 Na6 17. Rab1 Bc6 18. Nd4 e5 19. Nxc6 Qxc6 20. b4 Rab8 21. a3 e4 22. Qc3 Qb5 23. e3 c6 24. Rfc1 Nc7 25. Bf1 Qb7 26. a4 a6 27. Bh3 g6 28. Bf1 Ne6 29. b5 axb5 30. axb5 Ng5 31. Rd1 Nf3+ 32. Kh1 Ne5 33. bxc6 Qxb1 34. Rxb1 Rxb1 35. Kg2 Nxc6 36. Qf6 Ne5 37. Qd6 Nf7 38. Qa6 g5 39. c6 f4 40. c7 f3+ 41. Kh3 Rc1 42. Bb5 Rf8 43. Bc6 g4+ 44. Kh4 Rh1 45. Bxd5 Rxh2+ 46. Kxg4 h5+ 47. Kf4 Kg7 48. c8=Q Rxc8 49. Qxc8 Rxf2 50. Qd7 1-0

[Event "Fete du travail"]
[Site "Montreal CAN"]
[Date "2007.09.02"]
[Round "3"]
[White "Dorval, Hugo"]
[Black "Turcotte, Jonathan"]
[Result "1-0"]
[WhiteElo "1426"]
[BlackElo "1367"]
[PlyCount "25"]
[GameId "2160767910579606"]
[EventDate "2007.09.01"]
[EventType "swiss"]
[EventRounds "5"]
[EventCountry "CAN"]
[SourceTitle "EXT 2022"]
[Source "ChessBase"]
[SourceDate "2021.10.06"]
[SourceVersion "1"]
[SourceVersionDate "2021.10.06"]
[SourceQuality "1"]

1. a3 d5 2. d4 Nf6 3. Nf3 Bg4 4. Nbd2 e6 5. e3 Be7 6. Be2 O-O 7. O-O Nbd7 8. b4 a5 9. b5 a4 10. c4 c6 11. c5 cxb5 12. Bxb5 Ne4 13. Bxa4 1-0

[Event "Fete du travail"]
[Site "Montreal CAN"]
[Date "2007.09.02"]
[Round "3"]
[White "Germain, Max"]
[Black "Plante, Marc-Eric"]
[Result "0-1"]
[WhiteElo "1606"]
[BlackElo "1625"]
[PlyCount "68"]
[GameId "2160767910579607"]
[EventDate "2007.09.01"]
[EventType "swiss"]
[EventRounds "5"]
[EventCountry "CAN"]
[SourceTitle "EXT 2022"]
[Source "ChessBase"]
[SourceDate "2021.10.06"]
[SourceVersion "1"]
[SourceVersionDate "2021.10.06"]
[SourceQuality "1"]

1. d4 Nf6 2. c4 g6 3. f3 Bg7 4. e4 d6 5. Nc3 O-O 6. Be3 c5 7. d5 Na6 8. Qd2 Qa5 9. a3 Bd7 10. Nge2 Nc7 11. Nc1 b5 12. N3a2 Qxd2+ 13. Bxd2 bxc4 14. Bxc4 Rab8 15. Nd3 Bb5 16. Bxb5 Nxb5 17. Bc3 Nxc3 18. Nxc3 Nd7 19. O-O Ne5 20. Nxe5 Bxe5 21. Rab1 Rb3 22. f4 Bd4+ 23. Kh1 Rfb8 24. Na4 Bxb2 25. Nxb2 Rxb2 26. Rbe1 Ra2 27. Re3 Rbb2 28. Rg3 Rf2 29. Rf3 Rxg2 30. Rh3 Rgf2 31. Kg1 Rg2+ 32. Kh1 Rge2 33. f5 Rxe4 34. f6 exf6 0-1

[Event "Fete du travail"]
[Site "Montreal CAN"]
[Date "2007.09.02"]
[Round "3"]
[White "Lemieux, Serge"]
[Black "Mercier, Jean-Guy"]
[Result "0-1"]
[WhiteElo "1517"]
[BlackElo "1594"]
[PlyCount "76"]
[GameId "2160767910579609"]
[EventDate "2007.09.01"]
[EventType "swiss"]
[EventRounds "5"]
[EventCountry "CAN"]
[SourceTitle "EXT 2022"]
[Source "ChessBase"]
[SourceDate "2021.10.06"]
[SourceVersion "1"]
[SourceVersionDate "2021.10.06"]
[SourceQuality "1"]

1. d4 b5 2. e4 a6 3. Bd3 Bb7 4. Ne2 Nf6 5. f3 e6 6. Be3 Be7 7. Nd2 O-O 8. c4 bxc4 9. Nxc4 Nc6 10. a3 d5 11. Nd2 dxe4 12. Nxe4 Nd5 13. Bd2 Bh4+ 14. g3 Be7 15. O-O Nf6 16. Be3 Qd7 17. Qc2 Nxe4 18. fxe4 Rad8 19. Rad1 h6 20. e5 Qc8 21. Bh7+ Kh8 22. Be4 Na5 23. Rc1 Rd7 24. b4 Bxe4 25. Qxe4 Nb7 26. g4 f6 27. Rf3 fxe5 28. Rh3 Nd6 29. Qxe5 Bf6 30. Qxe6 Re8 31. Qa2 Rde7 32. Rc3 Ne4 33. Bxh6 gxh6 34. Rxh6+ Rh7 35. Rch3 Qxg4+ 36. Rg3 Nxg3 37. Rxh7+ Kxh7 38. Qf7+ Bg7 0-1

[Event "Fete du travail"]
[Site "Montreal CAN"]
[Date "2007.09.02"]
[Round "3"]
[White "Messier, Samuel"]
[Black "Bouchard, Jean-Marc"]
[Result "0-1"]
[WhiteElo "1643"]
[BlackElo "1752"]
[PlyCount "58"]
[GameId "2160767910579610"]
[EventDate "2007.09.01"]
[EventType "swiss"]
[EventRounds "5"]
[EventCountry "CAN"]
[SourceTitle "EXT 2022"]
[Source "ChessBase"]
[SourceDate "2021.10.06"]
[SourceVersion "1"]
[SourceVersionDate "2021.10.06"]
[SourceQuality "1"]

1. e4 e6 2. d4 d5 3. Nd2 Nf6 4. exd5 exd5 5. Ngf3 Be7 6. Bd3 Bg4 7. O-O Nbd7 8. c3 O-O 9. Re1 c6 10. Nf1 Bd6 11. Bg5 Qc7 12. h3 Bh5 13. Ne3 Ne4 14. Bh4 f5 15. Nxf5 Rxf5 16. g4 Rxf3 17. Qxf3 Rf8 18. Qg2 Bg6 19. c4 Nd2 20. Be2 Be4 21. f3 Bxf3 22. Bxf3 Nxf3+ 23. Kh1 Nxe1 24. Rxe1 dxc4 25. Qe4 Nf6 26. Bxf6 Rxf6 27. d5 Qf7 28. Kg2 Rf2+ 29. Kg1 Bc5 0-1

[Event "Fete du travail"]
[Site "Montreal CAN"]
[Date "2007.09.02"]
[Round "3"]
[White "Noriega, Harold"]
[Black "Gauthier, Luc"]
[Result "1/2-1/2"]
[WhiteElo "1810"]
[BlackElo "1684"]
[PlyCount "118"]
[GameId "2160767910579611"]
[EventDate "2007.09.01"]
[EventType "swiss"]
[EventRounds "5"]
[EventCountry "CAN"]
[SourceTitle "EXT 2022"]
[Source "ChessBase"]
[SourceDate "2021.10.06"]
[SourceVersion "1"]
[SourceVersionDate "2021.10.06"]
[SourceQuality "1"]

1. e4 Nf6 2. e5 Nd5 3. d4 d6 4. c4 Nb6 5. exd6 exd6 6. Nc3 Be7 7. a3 Bf6 8. Be3 Nc6 9. Be2 O-O 10. Nf3 Bg4 11. b3 Re8 12. O-O d5 13. c5 Nc8 14. h3 Bxf3 15. Bxf3 N6e7 16. Qd3 c6 17. Rae1 Ng6 18. Bd1 Nf8 19. Bc2 Ne7 20. f4 g6 21. g4 Bh4 22. Re2 f5 23. Bd2 Qd7 24. g5 Ne6 25. Nd1 Kf7 26. Ne3 h6 27. gxh6 Bf6 28. Bc3 Rh8 29. Ng2 Rxh6 30. Rfe1 Ng7 31. Re3 Rah8 32. Bd1 Qc7 33. b4 Nh5 34. Bxh5 Rxh5 35. Rf3 a6 36. a4 Re8 37. Qe2 Qd7 38. Re3 Rhh8 39. Rf1 Nc8 40. Rff3 Rxe3 41. Rxe3 Re8 42. Ne1 Re4 43. Nd3 Qe6 44. Rxe4 fxe4 45. Nf2 Ne7 46. Ng4 Bg7 47. Kg2 Nf5 48. Ne5+ Bxe5 49. fxe5 Nh4+ 50. Kg3 Nf3 51. Qe3 Qf5 52. Qh6 Qg5+ 53. Qxg5 Nxg5 54. Kg4 Ne6 55. h4 Kg7 56. Bb2 Kh6 57. Bc1+ Kg7 58. Bb2 Kh6 59. Bc1+ Kg7 1/2-1/2

[Event "Fete du travail"]
[Site "Montreal CAN"]
[Date "2007.09.02"]
[Round "3"]
[White "Teasdale, Alain"]
[Black "Maharisoa, Tantely"]
[Result "1/2-1/2"]
[WhiteElo "1578"]
[BlackElo "1551"]
[PlyCount "100"]
[GameId "2160767910579612"]
[EventDate "2007.09.01"]
[EventType "swiss"]
[EventRounds "5"]
[EventCountry "CAN"]
[SourceTitle "EXT 2022"]
[Source "ChessBase"]
[SourceDate "2021.10.06"]
[SourceVersion "1"]
[SourceVersionDate "2021.10.06"]
[SourceQuality "1"]

1. e4 c5 2. Nc3 Nc6 3. d3 e6 4. g3 g6 5. Bg2 Bg7 6. Nge2 Nf6 7. O-O O-O 8. f4 d6 9. h3 Qc7 10. Be3 a6 11. Qd2 Rd8 12. g4 Rb8 13. f5 e5 14. Bg5 Rf8 15. Nd1 b5 16. c3 a5 17. Nf2 b4 18. d4 cxd4 19. cxd4 Ba6 20. Rfc1 Qb6 21. Be3 Bxe2 22. dxe5 Qa6 23. exf6 Bxf6 24. Qxd6 Nd4 25. Bf4 Rbd8 26. Qxa6 Bxa6 27. Kh1 Ne2 28. Rc6 Bxb2 29. Rb1 Bb5 30. Rxb2 Nxf4 31. Rc5 Rb8 32. a3 Rfc8 33. axb4 Rxc5 34. bxc5 Nxg2 35. Kxg2 Bf1+ 36. Kxf1 Rxb2 37. Nd3 Rc2 38. Ke1 a4 39. Kd1 Rc4 40. Nb2 Rxc5 41. Nxa4 Rc4 42. Nb2 Rxe4 43. Kd2 gxf5 44. gxf5 Rf4 45. Ke3 Rxf5 46. Nd3 h5 47. h4 Ra5 48. Nf4 Ra4 49. Nxh5 Rxh4 50. Nf4 Kg7 1/2-1/2

[Event "Fete du travail"]
[Site "Montreal CAN"]
[Date "2007.09.02"]
[Round "3"]
[White "Tremblay, Sigfrid"]
[Black "Gauthier, Denis"]
[Result "1-0"]
[WhiteElo "1926"]
[BlackElo "1980"]
[PlyCount "67"]
[GameId "2160767910579613"]
[EventDate "2007.09.01"]
[EventType "swiss"]
[EventRounds "5"]
[EventCountry "CAN"]
[SourceTitle "EXT 2022"]
[Source "ChessBase"]
[SourceDate "2021.10.06"]
[SourceVersion "1"]
[SourceVersionDate "2021.10.06"]
[SourceQuality "1"]

1. e4 c5 2. Nc3 Nc6 3. g3 g6 4. Bg2 Bg7 5. d3 d6 6. Be3 e6 7. Qd2 Nd4 8. Nd1 Ne7 9. c3 Ndc6 10. Ne2 O-O 11. Bh6 d5 12. Bxg7 Kxg7 13. exd5 exd5 14. d4 b6 15. Ne3 Be6 16. O-O Qd6 17. dxc5 bxc5 18. Rad1 Rad8 19. b3 a5 20. Nf4 d4 21. cxd4 cxd4 22. Rfe1 Kg8 23. Nxe6 fxe6 24. Nc4 Qd7 25. Ne5 Nxe5 26. Rxe5 Nc6 27. Rc5 Ne7 28. Rxa5 Rf6 29. b4 Nf5 30. Be4 Qd6 31. b5 Ne3 32. fxe3 dxe3 33. Qxd6 Rxd6 34. Re1 1-0

[Event "Fete du travail"]
[Site "Montreal CAN"]
[Date "2007.09.02"]
[Round "4"]
[White "Benoit, Sebastien"]
[Black "Houska, Jiri"]
[Result "0-1"]
[WhiteElo "1880"]
[BlackElo "2144"]
[PlyCount "46"]
[GameId "2160767910579614"]
[EventDate "2007.09.01"]
[EventType "swiss"]
[EventRounds "5"]
[EventCountry "CAN"]
[SourceTitle "EXT 2022"]
[Source "ChessBase"]
[SourceDate "2021.10.06"]
[SourceVersion "1"]
[SourceVersionDate "2021.10.06"]
[SourceQuality "1"]

1. e4 c5 2. Nf3 d6 3. d4 cxd4 4. Nxd4 Nf6 5. Nc3 g6 6. Be3 Bg7 7. f3 O-O 8. Qd2 Nc6 9. O-O-O d5 10. Nxc6 bxc6 11. exd5 Nxd5 12. Nxd5 cxd5 13. Qxd5 Qc7 14. Qc5 Qb7 15. Bd4 Bf5 16. Bd3 Rac8 17. Qa3 Bxd4 18. Bxf5 Rc3 19. bxc3 Be3+ 20. Rd2 gxf5 21. Qb4 Qd7 22. Rhd1 Rd8 23. c4 Qd4 0-1

[Event "Fete du travail"]
[Site "Montreal CAN"]
[Date "2007.09.02"]
[Round "4"]
[White "Bouchard, Jean-Marc"]
[Black "Noriega, Harold"]
[Result "0-1"]
[WhiteElo "1752"]
[BlackElo "1810"]
[PlyCount "132"]
[GameId "2160767910579615"]
[EventDate "2007.09.01"]
[EventType "swiss"]
[EventRounds "5"]
[EventCountry "CAN"]
[SourceTitle "EXT 2022"]
[Source "ChessBase"]
[SourceDate "2021.10.06"]
[SourceVersion "1"]
[SourceVersionDate "2021.10.06"]
[SourceQuality "1"]

1. e4 c5 2. Nc3 d6 3. g3 Nf6 4. Bg2 Nc6 5. d3 e5 6. Nge2 Be7 7. O-O O-O 8. h3 Rb8 9. f4 b5 10. a3 a5 11. f5 b4 12. axb4 axb4 13. Nd5 Nxd5 14. exd5 Nd4 15. g4 Nxe2+ 16. Qxe2 Bg5 17. Bxg5 Qxg5 18. f6 gxf6 19. Be4 h5 20. Bf5 hxg4 21. Qxg4 Kg7 22. b3 Qxg4+ 23. hxg4 Rh8 24. Kg2 Bxf5 25. Rxf5 Ra8 26. Raf1 Rh6 27. R1f2 Rg6 28. Kf1 Ra1+ 29. Ke2 Rg1 30. d4 exd4 31. Kd3 R1xg4 32. Kc4 R4g5 33. R5f3 Rg3 34. Rf5 R3g5 35. R5f3 Re5 36. Kb5 Kf8 37. Kc6 Ke7 38. Rh3 Rg4 39. Rh6 Rgg5 40. Rf1 Rxd5 41. Rh8 d3 42. cxd3 Rxd3 43. Rb8 Re5 44. Rh1 f5 45. Rhh8 Kf6 46. Rh6+ Kg7 47. Rbh8 Re6 48. R8h7+ Kf8 49. Rh5 Ke7 50. Rxf5 Rf6 51. Rg5 Rxb3 52. Rg8 Rd3 53. Rhh8 Re6 54. Rd8 b3 55. Rd7+ Kf6 56. Rh6+ Ke5 57. Rh5+ f5 58. Rf7 Rf3 59. Rh2 Kd4 60. Rg7 Kc4 61. Kd7 Re1 62. Kxd6 Rd3+ 63. Kc6 Re6+ 64. Kc7 Rf6 65. Rgg2 Kc3 66. Rf2 c4 0-1

[Event "Fete du travail"]
[Site "Montreal CAN"]
[Date "2007.09.02"]
[Round "4"]
[White "Carrier, Claude"]
[Black "Gauthier, Denis"]
[Result "1/2-1/2"]
[WhiteElo "1928"]
[BlackElo "1980"]
[PlyCount "60"]
[GameId "2160767910579616"]
[EventDate "2007.09.01"]
[EventType "swiss"]
[EventRounds "5"]
[EventCountry "CAN"]
[SourceTitle "EXT 2022"]
[Source "ChessBase"]
[SourceDate "2021.10.06"]
[SourceVersion "1"]
[SourceVersionDate "2021.10.06"]
[SourceQuality "1"]

1. e4 d5 2. exd5 Nf6 3. Bb5+ Bd7 4. Be2 Bf5 5. d4 Nxd5 6. Nf3 e6 7. a3 Be7 8. c4 Nf6 9. O-O Bg4 10. h3 Bh5 11. Bf4 Nc6 12. Nc3 O-O 13. d5 exd5 14. cxd5 Nb8 15. Qb3 Qc8 16. g4 Bg6 17. Nb5 Na6 18. Rac1 Bc5 19. Nxc7 Nxc7 20. Rxc5 Nfxd5 21. Bxc7 Nxc7 22. Qc3 Qe8 23. Rxc7 Qxe2 24. Re1 Qb5 25. Ree7 Rad8 26. Nd4 Qd5 27. Ne6 Qd1+ 28. Kh2 Qd6+ 29. Kg1 Qd1+ 30. Kh2 Qd6+ 1/2-1/2

[Event "Fete du travail"]
[Site "Montreal CAN"]
[Date "2007.09.02"]
[Round "4"]
[White "Cote, Philippe"]
[Black "Messier, Samuel"]
[Result "1-0"]
[WhiteElo "1704"]
[BlackElo "1643"]
[PlyCount "82"]
[GameId "2160767910579617"]
[EventDate "2007.09.01"]
[EventType "swiss"]
[EventRounds "5"]
[EventCountry "CAN"]
[SourceTitle "EXT 2022"]
[Source "ChessBase"]
[SourceDate "2021.10.06"]
[SourceVersion "1"]
[SourceVersionDate "2021.10.06"]
[SourceQuality "1"]

1. e4 c6 2. d4 d5 3. exd5 cxd5 4. Bd3 Nc6 5. Nf3 Bg4 6. c3 e6 7. O-O Nf6 8. Nbd2 Bd6 9. Re1 O-O 10. Nf1 h6 11. h3 Bxf3 12. Qxf3 e5 13. dxe5 Nxe5 14. Qd1 Nxd3 15. Qxd3 Qc7 16. Be3 Rad8 17. Bd4 Ne4 18. Ne3 Bh2+ 19. Kf1 Qf4 20. f3 Bg3 21. Re2 Rfe8 22. Nxd5 Rxd5 23. Rxe4 Rxe4 24. Qxe4 Qd6 25. Qe8+ Kh7 26. Qxf7 Rxd4 27. cxd4 Qxd4 28. Qf5+ Kh8 29. Qc2 Qb6 30. Rc1 Qb5+ 31. Qe2 Qd7 32. Rd1 Qc7 33. Qd3 Qc6 34. Qe4 Qb6 35. Qd4 Qc6 36. Qd8+ Kh7 37. Kg1 Qc5+ 38. Kh1 Qc6 39. Qd3+ Kh8 40. Qf5 Qc7 41. Qd7 Qc2 1-0

[Event "Fete du travail"]
[Site "Montreal CAN"]
[Date "2007.09.02"]
[Round "4"]
[White "Dorval, Hugo"]
[Black "Chesnut, Walter"]
[Result "1/2-1/2"]
[WhiteElo "1426"]
[BlackElo "1484"]
[PlyCount "68"]
[GameId "2160767910579618"]
[EventDate "2007.09.01"]
[EventType "swiss"]
[EventRounds "5"]
[EventCountry "CAN"]
[SourceTitle "EXT 2022"]
[Source "ChessBase"]
[SourceDate "2021.10.06"]
[SourceVersion "1"]
[SourceVersionDate "2021.10.06"]
[SourceQuality "1"]

1. e4 c5 2. Nf3 d6 3. d4 cxd4 4. Nxd4 Nf6 5. Nc3 a6 6. Be2 e5 7. Nb3 Be6 8. Be3 Be7 9. Bd3 d5 10. exd5 Nxd5 11. Nxd5 Bxd5 12. O-O Bc6 13. Qe2 Qd5 14. Qg4 O-O 15. Rad1 Qe6 16. Bf5 Qf6 17. Bg5 Qxg5 18. Qxg5 Bxg5 19. Rfe1 Bf6 20. Re3 Bb5 21. Nc5 b6 22. Ne4 Be7 23. g4 g6 24. Rg3 gxf5 25. gxf5+ Kh8 26. f6 Bc5 27. Ng5 Bc4 28. Rg4 Rg8 29. Rxc4 Rxg5+ 30. Kf1 h5 31. b4 Nc6 32. bxc5 bxc5 33. Rxc5 Nd4 34. Rxd4 Rf5 1/2-1/2

[Event "Fete du travail"]
[Site "Montreal CAN"]
[Date "2007.09.02"]
[Round "4"]
[White "Lefebvre, Gabriel"]
[Black "Neumark-Gaudet, Zev"]
[Result "0-1"]
[WhiteElo "1490"]
[BlackElo "1410"]
[PlyCount "64"]
[GameId "2160767910579620"]
[EventDate "2007.09.01"]
[EventType "swiss"]
[EventRounds "5"]
[EventCountry "CAN"]
[SourceTitle "EXT 2022"]
[Source "ChessBase"]
[SourceDate "2021.10.06"]
[SourceVersion "1"]
[SourceVersionDate "2021.10.06"]
[SourceQuality "1"]

1. e4 d5 2. exd5 Qxd5 3. Nc3 Qa5 4. d4 c6 5. Nf3 Nf6 6. Be2 Bf5 7. O-O e6 8. Re1 Nbd7 9. Bd3 Bxd3 10. Qxd3 Be7 11. Bd2 Qc7 12. Ne4 O-O 13. Nxf6+ Nxf6 14. Ne5 Rfd8 15. c3 c5 16. Rac1 cxd4 17. cxd4 Qb6 18. Bc3 Nd5 19. Qf3 Bf6 20. Qh5 Bxe5 21. Qxe5 Rac8 22. h4 Rc6 23. h5 h6 24. g4 Nb4 25. Bxb4 Rxc1 26. Rxc1 Qxb4 27. b3 Rxd4 28. f3 Rd2 29. Qb8+ Kh7 30. Qxa7 Qf4 31. Rc3 Qg3+ 32. Kf1 Qg2+ 0-1

[Event "Fete du travail"]
[Site "Montreal CAN"]
[Date "2007.09.02"]
[Round "4"]
[White "Maharisoa, Tantely"]
[Black "Plante, Marc-Eric"]
[Result "0-1"]
[WhiteElo "1551"]
[BlackElo "1625"]
[PlyCount "90"]
[GameId "2160767910579621"]
[EventDate "2007.09.01"]
[EventType "swiss"]
[EventRounds "5"]
[EventCountry "CAN"]
[SourceTitle "EXT 2022"]
[Source "ChessBase"]
[SourceDate "2021.10.06"]
[SourceVersion "1"]
[SourceVersionDate "2021.10.06"]
[SourceQuality "1"]

1. d4 Nf6 2. c4 g6 3. Nc3 Bg7 4. Nf3 O-O 5. g3 d6 6. Bg2 Nc6 7. O-O e5 8. d5 Na5 9. Qd3 e4 10. Nxe4 Nxe4 11. Qxe4 Bf5 12. Qf4 Re8 13. Nd2 Rxe2 14. Bf3 Be5 15. Qh6 Bg7 16. Qf4 Be5 17. Qh4 Qxh4 18. gxh4 Rxd2 19. Bxd2 Nxc4 20. Bc3 Bxc3 21. bxc3 Nd2 22. Be2 Nxf1 23. Bxf1 Re8 24. f3 Re3 25. c4 Rxf3 26. a4 h5 27. Ra2 Rf4 28. a5 Rxh4 29. Rb2 b6 30. axb6 axb6 31. Ra2 Re4 32. Ra7 Re7 33. h4 Kg7 34. Kf2 Kf6 35. Ra8 Be4 36. Rb8 Kf5 37. Kg3 Ke5 38. Rf8 Kd4 39. Kf4 Bd3 40. Bxd3 Kxd3 41. Kg5 Kxc4 42. Kf6 Rd7 43. Rxf7 Rxf7+ 44. Kxf7 b5 45. Kxg6 b4 0-1

[Event "Fete du travail"]
[Site "Montreal CAN"]
[Date "2007.09.02"]
[Round "4"]
[White "Millette, Sylvain"]
[Black "Gauthier, Luc"]
[Result "1/2-1/2"]
[WhiteElo "1733"]
[BlackElo "1684"]
[PlyCount "61"]
[GameId "2160767910579623"]
[EventDate "2007.09.01"]
[EventType "swiss"]
[EventRounds "5"]
[EventCountry "CAN"]
[SourceTitle "EXT 2022"]
[Source "ChessBase"]
[SourceDate "2021.10.06"]
[SourceVersion "1"]
[SourceVersionDate "2021.10.06"]
[SourceQuality "1"]

1. Nf3 Nc6 2. g3 e5 3. d3 d5 4. Nbd2 Be6 5. e4 d4 6. Nc4 f6 7. b3 b5 8. Ncd2 Bb4 9. a4 Bc3 10. Rb1 bxa4 11. bxa4 Ba2 12. Rb5 Bb4 13. Nh4 a6 14. Rxb4 Nxb4 15. Qh5+ Bf7 16. Qd1 Ne7 17. Bh3 O-O 18. O-O Qe8 19. Nb3 Qxa4 20. f4 Qc6 21. Ba3 Rab8 22. fxe5 fxe5 23. Qd2 Bxb3 24. Rxf8+ Kxf8 25. Bxb4 Be6 26. Bxe6 Qxe6 27. Nf5 Rxb4 28. Qxb4 Kf7 29. Nxe7 Qxe7 30. Qc4+ Qe6 31. Qxc7+ 1/2-1/2

[Event "Fete du travail"]
[Site "Montreal CAN"]
[Date "2007.09.02"]
[Round "4"]
[White "Teasdale, Alain"]
[Black "Lemieux, Serge"]
[Result "1/2-1/2"]
[WhiteElo "1578"]
[BlackElo "1517"]
[PlyCount "70"]
[GameId "2160767910579624"]
[EventDate "2007.09.01"]
[EventType "swiss"]
[EventRounds "5"]
[EventCountry "CAN"]
[SourceTitle "EXT 2022"]
[Source "ChessBase"]
[SourceDate "2021.10.06"]
[SourceVersion "1"]
[SourceVersionDate "2021.10.06"]
[SourceQuality "1"]

1. e4 e5 2. Nf3 Nc6 3. Bb5 a6 4. Ba4 d6 5. h3 Bd7 6. c3 Nce7 7. Bb3 h6 8. O-O g5 9. d4 Bg7 10. Nh2 Nf6 11. Re1 Qc8 12. Qf3 Be6 13. Bd1 c6 14. dxe5 dxe5 15. Nd2 Ng6 16. Ndf1 Qc7 17. Ng3 Nh4 18. Qe2 O-O-O 19. Bb3 Qe7 20. Bxe6+ Qxe6 21. Nf3 Nxf3+ 22. Qxf3 g4 23. hxg4 Rhg8 24. Nf5 Bf8 25. Bxh6 Nxg4 26. Bxf8 Rdxf8 27. Rad1 Qf6 28. Nd6+ Kc7 29. Qxf6 Nxf6 30. Nf5 Rg5 31. Rd3 Nxe4 32. Rxe4 Rxf5 33. g4 Rg8 34. Rg3 Rfg5 35. f3 f6 1/2-1/2

[Event "Fete du travail"]
[Site "Montreal CAN"]
[Date "2007.09.02"]
[Round "4"]
[White "Turcotte, Jonathan"]
[Black "Zir Mohamed, Bachir"]
[Result "1-0"]
[WhiteElo "1367"]
[BlackElo "1424"]
[PlyCount "77"]
[GameId "2160767910579625"]
[EventDate "2007.09.01"]
[EventType "swiss"]
[EventRounds "5"]
[EventCountry "CAN"]
[SourceTitle "EXT 2022"]
[Source "ChessBase"]
[SourceDate "2021.10.06"]
[SourceVersion "1"]
[SourceVersionDate "2021.10.06"]
[SourceQuality "1"]

1. d4 d5 2. c4 e5 3. cxd5 Qxd5 4. dxe5 Qxe5 5. Nf3 Bb4+ 6. Nbd2 Qa5 7. e4 Nf6 8. Bd3 Bg4 9. O-O Nc6 10. h3 Bxf3 11. Nxf3 O-O 12. Bg5 Nd7 13. Bf4 Nde5 14. Nxe5 Nxe5 15. Be2 Rad8 16. Qc2 c6 17. a3 Be7 18. b4 Qc7 19. Be3 Ng6 20. f4 Bd6 21. e5 Be7 22. Bc4 a6 23. Qf2 Qc8 24. Bb6 Rde8 25. Rad1 Bd8 26. Bd4 Bc7 27. Bc5 Ne7 28. Rfe1 Kh8 29. g4 h5 30. Qh4 Bd8 31. Qxh5+ Kg8 32. e6 f5 33. Bd3 Bc7 34. Bxf5 Rxf5 35. gxf5 Nd5 36. Kf2 Bxf4 37. Rg1 Be5 38. Bd4 Bxd4+ 39. Rxd4 1-0

[Event "Fete du travail"]
[Site "Montreal CAN"]
[Date "2007.09.03"]
[Round "5"]
[White "Gauthier, Luc"]
[Black "Bouchard, Jean-Marc"]
[Result "1-0"]
[WhiteElo "1684"]
[BlackElo "1752"]
[PlyCount "103"]
[GameId "2160767910579627"]
[EventDate "2007.09.01"]
[EventType "swiss"]
[EventRounds "5"]
[EventCountry "CAN"]
[SourceTitle "EXT 2022"]
[Source "ChessBase"]
[SourceDate "2021.10.06"]
[SourceVersion "1"]
[SourceVersionDate "2021.10.06"]
[SourceQuality "1"]

1. e4 e6 2. Nf3 d5 3. e5 Bd7 4. d4 a6 5. Bd3 Bb5 6. O-O Bxd3 7. Qxd3 h6 8. b3 Nd7 9. Ba3 Bxa3 10. Nxa3 Ne7 11. c4 O-O 12. Rac1 c6 13. c5 Ng6 14. g3 Qe8 15. Rfe1 f6 16. b4 Qf7 17. Rc2 fxe5 18. Nxe5 Ngxe5 19. dxe5 Qh5 20. f4 Qh3 21. Qf1 Qg4 22. Rf2 a5 23. Nc2 axb4 24. Ne3 Qg6 25. f5 exf5 26. Nxf5 Rxf5 27. Rxf5 Nxc5 28. Rc1 Ne4 29. Rc2 Nc3 30. Rcf2 Rxa2 31. Rxa2 Nxa2 32. Rf8+ Kh7 33. e6 Qxe6 34. Qb1+ Qe4 35. Qxa2 Qe3+ 36. Qf2 Qxf2+ 37. Kxf2 c5 38. Rb8 Kg6 39. Rxb7 Kf5 40. Rb5 c4 41. Rxd5+ Ke4 42. Rb5 b3 43. Ke2 Kd4 44. Kd2 c3+ 45. Kc1 Kc4 46. Rb7 g5 47. g4 b2+ 48. Kc2 Kd4 49. Rb6 Ke3 50. Kxc3 Kf3 51. Kxb2 Kxg4 52. Rxh6 1-0

[Event "Fete du travail"]
[Site "Montreal CAN"]
[Date "2007.09.03"]
[Round "5"]
[White "Houska, Jiri"]
[Black "Carrier, Claude"]
[Result "1-0"]
[WhiteElo "2144"]
[BlackElo "1928"]
[PlyCount "71"]
[GameId "2160767910579629"]
[EventDate "2007.09.01"]
[EventType "swiss"]
[EventRounds "5"]
[EventCountry "CAN"]
[SourceTitle "EXT 2022"]
[Source "ChessBase"]
[SourceDate "2021.10.06"]
[SourceVersion "1"]
[SourceVersionDate "2021.10.06"]
[SourceQuality "1"]

1. e4 c5 2. Nf3 e6 3. d4 cxd4 4. Nxd4 Nf6 5. Nc3 d6 6. Be2 a6 7. O-O Be7 8. a4 Qc7 9. a5 O-O 10. Be3 Nbd7 11. Nb3 b6 12. axb6 Nxb6 13. Qd4 Nfd7 14. Ra5 Bf6 15. Qb4 Rb8 16. Rd1 Nd5 17. Nxd5 exd5 18. Qd2 dxe4 19. Bxa6 Bxb2 20. Qxd6 Qxc2 21. Bxc8 Rfxc8 22. Qxd7 Qxb3 23. Bf4 Ra8 24. Rxa8 Qxd1+ 25. Qxd1 Rxa8 26. Bc1 Bxc1 27. Qxc1 g6 28. g4 Re8 29. Kg2 Kg7 30. Kg3 h6 31. Kf4 g5+ 32. Kf5 Re6 33. Qc3+ Kh7 34. Qc7 Kg7 35. Qd8 e3 36. fxe3 1-0